000 00573nam a22002057a 4500
003 OSt
005 20210414101347.0
008 210311s1962 ||||| |||| 00| 0 eng d
040 _aeng
_beng
_cDLC
041 _aeng
080 _a821.111
_bE-47
100 _91374
_aElsner Von Don
245 _aYou Can't Do Business with Murder
_c/ by: A Signet Book
260 _aNew York
_bA Signet Book
_c1962
300 _a143 p.
365 _b0.35 usd
650 0 _9247
_aEnglish literature
653 _aინგლისური ლიტერატურა
942 _2udc
_cBK
999 _c2141
_d2141